LEADER 00560nam a2200169 i 4500 001 000000219202 003 CaOOAMICUS 005 20130313000000.0 008 130313s1901 xx u000 u mul u 013 $a198099 040 $aSeMil$bita 245 10$a6. 300 $a429 p. 773 0 $aColomiatti, Emanuele$tCodex iuris pontificii seu canonici.$dTorino : Ex Typographia G. Derossi, 1888-1906.$g6$w()28191 850 $aSeMil 852 $aSeMil$W1$xVenegono$y1$m2J IV 25 FA$j169567$B169567$CSeMilBibl$Z2$F180354 $8I 996 $6245$a6$9(OLS)http://semarc/title/51996 LEADER 01143nam a2200277 i 4500 001 000000114927 003 CaOOAMICUS 005 20030507000000.0 008 030507s1993 gw u000 u ger u 013 $a87615 020 $a3-451-23036-4 040 $aSeMil$bita 100 1 $aKoch, Kurt,$c.$0(OLS)http://semarc/name/20112 245 14$aDas credo der Christen :$bfür heute entschlüsselt /$cKurt Koch. 260 $aFreiburg ; Basel ; Wien :$bHerder,$c1993. 300 $a143 p. ;$c20 cm. 500 $aFondo Card. C.M. Martini. 650 4$aCatechismo della Chiesa Cattolica.$0(OLS)http://semarc/subject/12084 650 4$aSimboli di fede - Catechismi.$0(OLS)http://semarc/subject/16052 850 $aSeMil 852 $aSeMil$W1$xVenegono$y1$m2D I 50$j70468$B70468$CSeMilBibl$Z2$F91732 $81 941 1 $a4 961 $aOmaggio: Martini Card. Carlo Maria 996 $6020$a3-451-23036-4$9(OLS)http://semarc/number/98463 996 $6245$aDas credo der Christen :$bfür heute entschlüsselt$9(OLS)http://semarc/title/168146 996 $6260$aFreiburg ; Basel ; Wien :$bHerder$9(OLS)http://semarc/publisher/29643